<?xml version="1.0" encoding="UTF-8"?>
<record
    xmlns:xsi="http://www.w3.org/2001/XMLSchema-instance"
    xsi:schemaLocation="http://www.loc.gov/MARC21/slim http://www.loc.gov/standards/marcxml/schema/MARC21slim.xsd"
    xmlns="http://www.loc.gov/MARC21/slim">

  <leader>00760nam a22002057a 4500</leader>
  <controlfield tag="005">20240521155313.0</controlfield>
  <datafield tag="010" ind1=" " ind2=" ">
    <subfield code="a">ENG-140434</subfield>
  </datafield>
  <datafield tag="020" ind1=" " ind2=" ">
    <subfield code="a">9789392038419</subfield>
    <subfield code="c">1395.00</subfield>
  </datafield>
  <datafield tag="035" ind1=" " ind2=" ">
    <subfield code="a">EN-123966</subfield>
  </datafield>
  <datafield tag="037" ind1=" " ind2=" ">
    <subfield code="b">DBAD</subfield>
  </datafield>
  <datafield tag="082" ind1=" " ind2=" ">
    <subfield code="a">305.8009541</subfield>
  </datafield>
  <datafield tag="100" ind1=" " ind2=" ">
    <subfield code="a">Chakraborty, Dipannita</subfield>
    <subfield code="9">66667</subfield>
  </datafield>
  <datafield tag="245" ind1=" " ind2=" ">
    <subfield code="a">Transitional Aspects of Indigenous People:</subfield>
    <subfield code="b">North East India/</subfield>
    <subfield code="c">Edited by Dipannita Chakraborty [and] Rita Das Nayak</subfield>
  </datafield>
  <datafield tag="260" ind1=" " ind2=" ">
    <subfield code="a">Assam</subfield>
    <subfield code="b">EBH Publishers, an imprint of Eastern Book House</subfield>
    <subfield code="c">2022</subfield>
  </datafield>
  <datafield tag="270" ind1=" " ind2=" ">
    <subfield code="a">136, M.L. Nehru Road, Panbazar, Guwahati</subfield>
    <subfield code="b">Assam</subfield>
    <subfield code="e">781001</subfield>
  </datafield>
  <datafield tag="300" ind1=" " ind2=" ">
    <subfield code="a">viii, 170 p.</subfield>
    <subfield code="c">24cm, (hb}</subfield>
  </datafield>
  <datafield tag="700" ind1=" " ind2=" ">
    <subfield code="a">Chakraborty, Dipannita</subfield>
    <subfield code="9">66297</subfield>
    <subfield code="e">Editor</subfield>
  </datafield>
  <datafield tag="700" ind1=" " ind2=" ">
    <subfield code="a">Nayak, Rita Das</subfield>
    <subfield code="e">Editor</subfield>
    <subfield code="9">66668</subfield>
  </datafield>
  <datafield tag="942" ind1=" " ind2=" ">
    <subfield code="2">ddc</subfield>
    <subfield code="c">EN</subfield>
    <subfield code="h">305.8009541</subfield>
    <subfield code="m">TRA</subfield>
  </datafield>
  <datafield tag="999" ind1=" " ind2=" ">
    <subfield code="c">203125</subfield>
    <subfield code="d">203125</subfield>
  </datafield>
  <datafield tag="952" ind1=" " ind2=" ">
    <subfield code="0">0</subfield>
    <subfield code="1">0</subfield>
    <subfield code="4">0</subfield>
    <subfield code="7">0</subfield>
    <subfield code="8">NFIC</subfield>
    <subfield code="a">BN</subfield>
    <subfield code="b">BN</subfield>
    <subfield code="d">2024-05-21</subfield>
    <subfield code="e">DBAD</subfield>
    <subfield code="g">1395.00</subfield>
    <subfield code="l">0</subfield>
    <subfield code="o">305.8009541 TRA</subfield>
    <subfield code="p">EN-123966</subfield>
    <subfield code="r">2024-05-21 00:00:00</subfield>
    <subfield code="t">1</subfield>
    <subfield code="v">1395.00</subfield>
    <subfield code="w">2024-05-21</subfield>
    <subfield code="y">EN</subfield>
  </datafield>
</record>
